| 000 | 01475nam a2200265Ia 4500 | ||
|---|---|---|---|
| 003 | Ost | ||
| 005 | 20260507075408.0 | ||
| 008 | 260507s9999||||xx |||||||||||||| ||und|| | ||
| 020 | _a9355125977 | ||
| 040 | _cfsecg | ||
| 041 | _aara | ||
| 082 | _a330 | ||
| 100 |
_aشيريستال، جوسيف _eمؤلف |
||
| 245 | 0 |
_aإدارة المخاطر التشغيلية في الأزمات الإقتصادية (وفقا لمعايير Basell) / _c جوسيف شيريستال |
|
| 260 |
_aالإسكندرية: _bالمكتب العربي الحديث, _c2009 |
||
| 300 |
_a251 صفحة؛ _bإيضاحات ؛ _c25 سم |
||
| 504 | _aملحق ص.225 ؛ المراجع ص.227 | ||
| 520 | _aأسباب وتعريف المخاطر التشغيلية، أساليب إدارة الخطر التشغيلي، الإبلاغ عن الخطر ودور المعلومات والإتصالات، الإجراءات المحددة لإدارة الخطر التشغيلي، بازل 4 متطلبات ومعايير رأس المال طبقا للأساليب المختلفة، أساليب قياس متقدمة، متطلبات رأس المال لتغطية الخطر التشغيلي في الشركات الإستثمارية | ||
| 653 | _aأخطار المهنة | ||
| 653 | _aالأزمات الإقتصادية | ||
| 653 | _aالحوادث الصناعية | ||
| 653 | _aالمخاطر | ||
| 700 |
_aبريبيل، كورت _eمؤلف ثانوي |
||
| 942 | _cكتاب | ||
| 999 |
_c44336 _d44336 |
||